| 000 | 01737cam a22001814a 4500 | ||
|---|---|---|---|
| 005 | 20250605163312.0 | ||
| 008 | 250528s ||||||||||||||||||||||||d | ||
| 035 | _a16419 | ||
| 040 |
_aGR-AtMCL _bgre _dGR-AtMCL _eAACR2 |
||
| 245 | 1 | _aΤα Παιδιά της Ιντιφάντα | |
| 260 |
_bΕ.Ε.Δ.Δ.Α _bΕλληνική Επιτροπή Διεθνούς Δημοκρατικής Αλληλεγγύη, _c1991 |
||
| 300 | _a50 | ||
| 505 | 0 | _aΠαλαιστίνιοι - Ένας Λαός Καταδιωγμένος, Ιντιφάντα Σημαίνει Εξέργεση, Η Λένα Συζητάει με τον Καρίμ, Με Λένε Ιμπραήμ, Μαρτυρία της Μπαχάρ, Μαρτυρία του Νούρη, Οδοιπορικό Πόνου, Στους Μικρούς Παλαιστίνιους Μικρούς, Παλαιστίνη, ΟΑΠ, Η Εκπαίδευση στην Παλαιστίνη, Λαϊκός Πολιτισμός: Οι Παραδοσιακές Ενδυμασίες, Θρησκεία, Γλώσσα, Παιχνίδια. | |
| 520 | _aΠαλαιστίνιοι - Ένας Λαός Καταδιωγμένος, Ιντιφάντα Σημαίνει Εξέργεση, Η Λένα Συζητάει με τον Καρίμ, Με Λένε Ιμπραήμ, Μαρτυρία της Μπαχάρ, Μαρτυρία του Νούρη, Οδοιπορικό Πόνου, Στους Μικρούς Παλαιστίνιους Μικρούς, Παλαιστίνη, ΟΑΠ, Η Εκπαίδευση στην Παλαιστίνη, Λαϊκός Πολιτισμός: Οι Παραδοσιακές Ενδυμασίες, Θρησκεία, Γλώσσα, Παιχνίδια. | ||
| 942 | _cBK | ||
| 999 |
_c1920 _d1920 |
||